| 000 | 01166cam a2200349 a 4500 | ||
|---|---|---|---|
| 001 | 14292532 | ||
| 003 | OSt | ||
| 005 | 20180116183025.0 | ||
| 008 | 060308s2002 cauab 000 1 eng | ||
| 010 | _a 2006540265 | ||
| 020 | _a0971237514 | ||
| 040 |
_aDLC _cDLC _dDLC |
||
| 050 | 0 | 0 |
_aPS3572 _b.A424 2002 vol. 37 |
| 082 | 0 | 0 |
_a813.54 VAN 1985 _222 |
| 100 | 1 |
_aVance, Jack, _d1916-2013. |
|
| 245 | 1 | 4 |
_aLyonesse II _c[Jack Vance]. _bThe green pearl |
| 260 |
_aOakland [Calif.] : _bVance Integral Edition, _c2002. |
||
| 300 |
_a534 p. : _bill., maps ; _c20 cm. |
||
| 440 | _aLyonesse II | ||
| 490 | 1 |
_aLyonesse ; _vbk. 2 |
|
| 490 | 1 |
_aThe complete works of Jack Vance ; _v37 |
|
| 650 | 0 |
_aMiddle Ages _vFiction. |
|
| 650 | 0 |
_aKings and rulers _vFiction. |
|
| 650 | 0 |
_aWitches _vFiction. |
|
| 650 | 0 |
_aMagic _vFiction. |
|
| 655 | 7 |
_aFantasy fiction. _2gsafd |
|
| 800 | 1 |
_aVance, Jack, _d1916-2013. _tLyonesse (Vance Integral Edition (Project)) ; _vbk. 2. |
|
| 800 | 1 |
_aVance, Jack, _d1916-2013. _tWorks. _f2002 ; _v37. |
|
| 906 |
_a7 _bcbc _corignew _d3 _encip _f20 _gy-gencatlg |
||
| 942 |
_2ddc _cBK |
||
| 999 |
_c350733 _d350733 |
||